00563 2200193 4500001002100000005001700021008004100038035002400079082001000103090002000113100002400133245007600157250001100233260003500244300002300279650003300302700001300335999002100348YOGYA-0411000000132120110415102110.0 ind  0010-041100000001321 a248.4 a248.4bLumlDEP aLUMOINDONG, Gilbert aHidup dalam berkat Allahboleh Gilbert Lumoindongcpenyunting Tessa A.W aCet. 1 aYogyakartabYayasan Andic2000 axvib83 hlmc19 cm aKehidupan beragama (Kristen) aTessa AW aCB-D.11 2000-357